| 000 | 01090cam a22003135a 4500 | ||
|---|---|---|---|
| 001 | 18132048 | ||
| 005 | 20150629121619.0 | ||
| 008 | 140429t2015 flubdk frb 001 0 eng d | ||
| 020 | _a9781482221749 (alk. paper) | ||
| 040 |
_aDLC _beng _cDLC _dDLC _dEG-ScBUE |
||
| 082 | 0 | 4 |
_a621.44 _bGLA _222 |
| 100 |
_aGlassley, William E. _928727 |
||
| 245 | 1 | 0 |
_aGeothermal energy : _brenewable energy and the environment / _cWilliam E. Glassley. |
| 250 | _a2nd ed. | ||
| 260 |
_aBoca Raton : _bCRC Press / Taylor & Francis Group, _cc.2015. |
||
| 300 |
_axxv, 381 p., _bcharts, forms, maps ; _c26 cm. |
||
| 490 | 0 | _aEnergy and the environment | |
| 500 | _aIndex : p. 365-381. | ||
| 504 | _aIncludes bibliographical references. | ||
| 590 | _aSara elBakry | ||
| 650 | 0 |
_aGeothermal engineering. _2BUEsh _928729 |
|
| 650 | 0 |
_aGeothermal resources. _2BUEsh |
|
| 650 | 0 |
_aGeothermal resources _xEnvironmental aspects. _2BUEsh _928731 |
|
| 650 | 0 |
_aRenewable energy sources. _2BUEsh |
|
| 651 | _2BUEsh | ||
| 653 |
_bENGGEN _cJune2015 |
||
| 655 |
_vreading book _934232 |
||
| 942 |
_2ddc _k621.44 GLA |
||
| 999 |
_c19741 _d19713 |
||